00462 a2200169 450000100060000002000150000604000240002110000230004524000300006824500250009830000090012336200090013265000240014194200070016595201030017299900170027568895 a8532252206 cAnchieta - Itaigara aMachado, Ana Maria10aOs três porquinhoslpor10aOs três porquinhos a29p.0 a2004 4aLiteratura infantil cBK 00104070a88.1b88.1d2023-11-21l0oLI 028.5 TREp684/ITAr2023-11-21 20:03:14w2023-11-21yBK c68895d68895